| 000 | 00841nam a2200265Ia 4500 | ||
|---|---|---|---|
| 005 | 20220131102708.0 | ||
| 008 | 210716s2007 xx 000 0 und d | ||
| 020 | _a9781403926647 | ||
| 040 | _cAIMIT LIBRARY | ||
| 041 | _aeng | ||
| 082 |
_a332.12 _21 _bDUTS |
||
| 100 |
_aDutta, S K. _913896 |
||
| 245 |
_aAccounting and finance for bankers: _bfor JAIIB examination / _cby S. K. Dutta...[et. al.]. |
||
| 250 | _a1st. ed.- | ||
| 260 |
_aNew Delhi: _bMacmillan, _c2007. |
||
| 260 |
_aMumbai: _bIndian Institute of Banking & Finance, _c2005. |
||
| 300 | _ax, 542p. ; 24cm. | ||
| 650 |
_aBusiness mathematics _913897 |
||
| 650 |
_aSpecial accounts _913928 |
||
| 650 |
_aFinal accounts _913929 |
||
| 700 |
_aPrasad, P S R _913930 |
||
| 700 |
_aBhorkar, A D _913931 |
||
| 700 |
_aBargir, S D _913932 |
||
| 942 |
_2ddc _cBK _e1 _k332.12 DUTS |
||
| 999 |
_c201851 _d201851 |
||